01142nam a2200241 a 4500001001000000005001700010008004100027020001800068041000800086044000700094050002100101245017400122260011600296300003200412500003400444500020700478504003100685600004400716600005300760650002500813700002700838700003500865BRCA_837020190320210243.0120814s2014----sp-a######---#000-0#eng-# a9780692207864 aeng asp 4aND813b.S63 201410aThe spanish gesturebdrawings from Murillo to Goya in the hamburger kunsthallecJens Hoffmann-Samland ; with contributions by María Cruz de Carlos Varona ... [et al.]. aEspañabMeadows Museum, Southern Methodist University : Museo Nacional del Prado : Hamburger Kunsthallec2014 a291 p.bil. a colorc29 cm. aIncluye índice alfabético aCatálogo de la exposición realizada en Meadows Museum, Southern Methodist University (Dallas), 25 mayo - 31 agosto, 2014 y en el Museo Nacional del Prado (Madrid), 28 octubre, 2014 - 8 febrero, 2015 aBibliografía: p. 279-28514aMurillo, Bartolomé Esteband1617-168214aGoya y Lucientes, Francisco José ded1746-182814aPintores españoles1 aHoffmann-Samland, Jens1 aCruz de Carlos Varona, María